[Event "IND-ch U25"]
[Site "India"]
[Date "2000.12.25"]
[Round "4"]
[White "Saurabh, Kherdekar"]
[Black "Utarid, JM."]
[Result "1/2-1/2"]
[WhiteElo "2264"]
[BlackElo "2110"]
[PlyCount "72"]
[EventDate "2000.12.??"]
[EventType "swiss"]
[EventRounds "9"]
[EventCountry "IND"]
[SourceTitle "EXT 2006"]
[Source "ChessBase"]
[SourceDate "2005.11.24"]
[SourceVersion "1"]
[SourceVersionDate "2005.11.24"]
[SourceQuality "1"]

1. d4 Nf6 2. c4 g6 3. Nc3 Bg7 4. e4 d6 5. f3 0-0 6. Bg5 h6 7. Be3 e5 8. d5 Ne8 9. Qd2 f5 10. Bd3 f4 11. Bf2 Na6 12. Nge2 Nc5 13. 0-0-0 Bd7 14. Kb1 a6 15. Rc1 Qb8 16. b4 Nxd3 17. Qxd3 a5 18. a3 axb4 19. axb4 c5 20. bxc5 Qa7 21. Kc2 dxc5 22. d6 Nf6 23. Rb1 Bc6 24. Rb2 Rfd8 25. Ra2 Qxa2+ 26. Nxa2 Rxa2+ 27. Kb3 Rda8 28. Bxc5 Nd7 29. Bb4 Ba4+ 30. Kc3 Rc2+ 31. Qxc2 Bxc2 32. Kxc2 Ra2+ 33. Kd3 Rb2 34. Bd2 Nc5+ 35. Kc3 Na4+ 36. Kd3 Nc5+ 1/2-1/2

[Event "IND-ch U18"]
[Site "Avadi"]
[Date "2000.11.18"]
[Round "8"]
[White "Das, Arghyadip"]
[Black "Utarid, JM."]
[Result "1-0"]
[WhiteElo "2206"]
[BlackElo "2110"]
[PlyCount "69"]
[EventDate "2000.11.10"]
[EventType "swiss"]
[EventRounds "9"]
[EventCountry "IND"]
[SourceTitle "CBM 079 Extra"]
[Source "ChessBase"]
[SourceDate "2001.01.11"]
[SourceVersion "2"]
[SourceVersionDate "2001.01.25"]
[SourceQuality "1"]

1. e4 c5 2. Nf3 Nc6 3. Bb5 g6 4. 0-0 Bg7 5. Re1 e5 6. Bxc6 dxc6 7. d3 Ne7 8. a3 a5 9. Be3 b6 10. Nbd2 Ba6 11. Nc4 Bxc4 12. dxc4 Qc7 13. b4 cxb4 14. axb4 a4 15. c3 b5 16. Bc5 Nc8 17. cxb5 cxb5 18. Qe2 Rb8 19. Red1 Bf8 20. Rd5 f6 21. Rad1 Bxc5 22. Rxc5 Qb6 23. Rdd5 Nd6 24. Nxe5 fxe5 25. Rxe5+ Kd8 26. Qd2 Re8 27. Qg5+ Kd7 28. Qg4+ Kd8 29. Qh4+ Kd7 30. Qxh7+ Kd8 31. Rxe8+ Nxe8 32. Rd5+ Qd6 33. Rxd6+ Nxd6 34. e5 Rb7 35. Qh4+ 1-0

[Event "IND-ch U18"]
[Site "Avadi"]
[Date "2000.11.17"]
[Round "7"]
[White "Utarid, JM."]
[Black "Laxman, Rajaram"]
[Result "1/2-1/2"]
[WhiteElo "2110"]
[BlackElo "2263"]
[PlyCount "50"]
[EventDate "2000.11.10"]
[EventType "swiss"]
[EventRounds "9"]
[EventCountry "IND"]
[SourceTitle "CBM 079 Extra"]
[Source "ChessBase"]
[SourceDate "2001.01.11"]
[SourceVersion "2"]
[SourceVersionDate "2001.01.25"]
[SourceQuality "1"]

1. d4 d6 2. c4 f5 3. g3 Nf6 4. Bg2 c6 5. Nf3 g6 6. Nc3 Bg7 7. Qc2 0-0 8. 0-0 Na6 9. a3 Nc7 10. Re1 h6 11. e4 e6 12. e5 Nfe8 13. h4 d5 14. c5 Rf7 15. Bf4 Bf8 16. b4 Bd7 17. Reb1 b6 18. a4 bxc5 19. dxc5 Rb8 20. Ne2 Rh7 21. Ned4 a6 22. Bf1 Qe7 23. Qd2 Qf7 24. Rc1 Qe7 25. Rab1 Qd8 1/2-1/2

[Event "Commonwealth-ch"]
[Site "India"]
[Date "1999.??.??"]
[Round "?"]
[White "Utarid, JM."]
[Black "Shetty, Rahul"]
[Result "1/2-1/2"]
[WhiteElo "2126"]
[BlackElo "2311"]
[PlyCount "67"]
[EventDate "1999.??.??"]
[EventType "swiss"]
[EventRounds "10"]
[EventCountry "IND"]
[SourceTitle "EXT 2002"]
[Source "ChessBase"]
[SourceDate "2001.11.25"]
[SourceVersion "1"]
[SourceVersionDate "2001.11.25"]
[SourceQuality "1"]

1. d4 Nf6 2. Nf3 e6 3. Bg5 c5 4. e3 h6 5. Bh4 Nc6 6. c3 Be7 7. Bd3 Qb6 8. Qc1 d5 9. Nbd2 Bd7 10. 0-0 cxd4 11. exd4 Rc8 12. Bc2 0-0 13. Re1 Qd8 14. Ne5 b5 15. a3 a5 16. Ndf3 b4 17. axb4 axb4 18. Bxf6 Bxf6 19. Qd2 bxc3 20. Qd3 Re8 21. bxc3 g6 22. Re3 Re7 23. h4 h5 24. g4 Bxe5 25. dxe5 hxg4 26. Nh2 d4 27. Re2 Be8 28. Nxg4 Rec7 29. Nf6+ Kf8 30. Qd2 Kg7 31. Qg5 d3 32. Nh5+ Kh7 33. Nf6+ Kg7 34. Nh5+ 1/2-1/2